00941cam 22002771 4500001000800000005001700008008004100025035002100066906004500087010001700132035001800149040002700167050002300194082001200217100003300229245006500262250001300327260003300340300002400373490005200397504007800449650003900527985002100566991005100587099002500638742002619980421192812.0720615s1949 nyu 000 0 eng  9(DLC) 49004119 a7bcbccoclcrplduencipf19gy-gencatlg a 49004119  a(OCoLC)332688 aDLCcOTifHdFTaSUdDLC00aPS504b.A62 vol. 3 a810.8221 aWann, Louis,d1885- eed.14aThe rise of realism;bAmerican literature from 1860 to 1900. aRev. ed. aNew York,bMacmillan,c1949. axv, 874 p. c22 cm.0 aAmerican literature: a period anthology,v[v.3] aBiographical sketches and bibliographies included in "Notes" (p. 817-868) 0aAmerican literaturey19th century. eOCLC REPLACEMENT bc-GenCollhPS504i.A62 vol. 3tCopy 1wOCLCREP awann-rise-1072273791